LEADER 01046nam a2200241 u 4500 001 000000054043 003 CaOOAMICUS 005 20070226115628.0 008 001127s1960 it u000 u ita u 035 $a10862576 040 $aPUL(R)$bita 245 10$aPlauto, o della poesia drammatica :$bstoria d'Anonimo secentista /$ccompendiata e annotata da Giovanni Battista Pighi. 260 $aPisa :$bNistri-Lischi,$c1960. 300 $a85 p. ;$c19 cm 490 1 $aSaggi di varia umanità 504 $aNote bibliografiche a fine capitolo. 700 1 $aPighi, Giovanni Battista,$d1898-1978.$0(OLS)http://pul/name/6623 830 0$aSaggi di varia umanità.$0(OLS)http://pul/title/46538 850 $aPUL 852 $aPUL$W1$xDP1 Fondo Ciprotti$y59$m1549 G 38$j71233$nBK-PRI$b $qFondi$B71233$CPULBib$Z2$F71233 $H $81 941 1 $a1 996 $6245$aPlauto, o della poesia drammatica :$bstoria d'Anonimo secentista$9(OLS)http://pul/title/72493 996 $6260$aPisa :$bNistri-Lischi$9(OLS)http://pul/publisher/51559 LEADER 01272nam a2200289 u 4500 001 000000055759 003 CaOOAMICUS 005 20070226120409.0 008 010313s1997 it u000 u ita u 020 $a8873802567 035 $a10869207 040 $aPUL(R)$bita 100 1 $aGramsci, Antonio,$d1891-1937.$0(OLS)http://pul/name/12993 245 13$aLa religione come senso comune /$cAntonio Gramsci ; a cura di Tommaso La Rocca ; presentazione di Giuseppe vacca. 260 $aMilano :$bNuova Pratiche Editrice,$c1997. 300 $a252 p. ;$c21 cm 490 1 $aQuality paperback ;$v71 650 4$aFilosofia e religione.$0(OLS)http://pul/subject/2646 700 1 $aVacca, Giuseppe.$0(OLS)http://pul/name/39174 700 1 $aLa Rocca, Tommaso.$0(OLS)http://pul/name/9431 830 0$aQuality paperback (EST) ;$v71.$0(OLS)http://pul/title/74624 850 $aPUL 852 $aPUL$W1$xDP1 Altre Collocazioni$y17$mSenza collocazione$j12$nBK-PRI$b $qStampati$B73275$CPULBib$Z2$F73275 $H $81 941 1 $a8 996 $6020$a8873802567$9(OLS)http://pul/number/70132 996 $6245$aLa religione come senso comune$9(OLS)http://pul/title/74623 996 $6260$aMilano :$bNuova Pratiche Editrice$9(OLS)http://pul/publisher/69077